[Event "Liga Madrileña - DH 2013-2014"]
[Site "Madrid ESP"]
[Date "2014.02.02"]
[Round "8.26"]
[White "Paredes Sanchez, Juan Antonio"]
[Black "Collado Barbas, Laura"]
[Result "1-0"]
[WhiteElo "2192"]
[BlackElo "2133"]
[PlyCount "72"]
[EventDate "2013.11.18"]
[EventType "team-tourn"]
[EventRounds "14"]
[EventCountry "ESP"]
[Source "lmi"]
[SourceDate "2013.11.18"]
[WhiteTeam "Liberty Chess"]
[BlackTeam "La Casa del Ajedrez"]
[WhiteTeamCountry "ESP"]
[BlackTeamCountry "ESP"]

1. b3 d5 2. Bb2 c6 3. e3 Bf5 4. Nc3 Nf6 5. Qe2 Nbd7 6. O-O-O e6 7. f3 h5 8. e4
dxe4 9. fxe4 Bg4 10. Nf3 Qa5 11. h3 Bxf3 12. Qxf3 Bb4 13. Kb1 h4 14. d4 O-O-O
15. e5 Nh5 16. Ne4 f6 17. Bc4 Rde8 18. a3 Bf8 19. Rhe1 Qc7 20. exf6 gxf6 21.
Nc3 Ng7 22. Re2 Bd6 23. Qg4 Nf8 24. Ne4 Nh5 25. Nxd6+ Qxd6 26. Qxh4 Ng6 27. Qe4
Ngf4 28. Ree1 Ng3 29. Qf3 Nf5 30. Re4 Nd5 31. Rde1 Ng3 32. Rg4 Nf5 33. Bd3 Nde7
34. Rge4 Nd5 35. Rxe6 Rxe6 36. Rxe6 Nxd4 1-0

[Event "Liga Madrileña - DH 2013-2014"]
[Site "Madrid ESP"]
[Date "2014.02.02"]
[Round "8.31"]
[White "Vazquez Igarza, Renier"]
[Black "Aranda Marin, Cristian"]
[Result "1-0"]
[WhiteElo "2588"]
[BlackElo "2303"]
[PlyCount "86"]
[EventDate "2013.11.18"]
[EventType "team-tourn"]
[EventRounds "14"]
[EventCountry "ESP"]
[Source "lmi"]
[SourceDate "2013.11.18"]
[WhiteTeam "Collado Villalba"]
[BlackTeam "San Fernando de Henares"]
[WhiteTeamCountry "ESP"]
[BlackTeamCountry "ESP"]

1. Nf3 Nf6 2. c4 c5 3. Nc3 b6 4. e3 g6 5. d4 Bg7 6. d5 O-O 7. Be2 e6 8. e4 exd5
9. exd5 d6 10. h3 Bf5 11. Bg5 Re8 12. O-O h6 13. Be3 Ne4 14. Nxe4 Bxe4 15. Qd2
Qf6 16. Bxh6 Qxb2 17. Bxg7 Qxd2 18. Nxd2 Kxg7 19. Bg4 Bd3 20. Rfe1 Na6 21. Bd7
Rxe1+ 22. Rxe1 Nb4 23. Re3 Rd8 24. Ba4 Bf5 25. a3 Nc2 26. Re7 Nxa3 27. Rxa7 b5
28. Bxb5 Nxb5 29. cxb5 Bd3 30. Rb7 Ra8 31. b6 Ra1+ 32. Kh2 Ra2 33. Nf3 Be4 34.
Rd7 Bxd5 35. Kg3 Bxf3 36. Kxf3 Rd2 37. Ke3 Rd4 38. Rd8 Rb4 39. Rxd6 Kf8 40. Rc6
Ke7 41. g4 Kd7 42. Rf6 Ke7 43. g5 Kf8 1-0

[Event "Liga Madrileña - DH 2013-2014"]
[Site "Madrid ESP"]
[Date "2014.02.02"]
[Round "8.32"]
[White "Ocana Lameiro, Oliver"]
[Black "Arribas Lopez, Angel"]
[Result "0-1"]
[WhiteElo "2044"]
[BlackElo "2488"]
[PlyCount "124"]
[EventDate "2013.11.18"]
[EventType "team-tourn"]
[EventRounds "14"]
[EventCountry "ESP"]
[Source "lmi"]
[SourceDate "2013.11.18"]
[WhiteTeam "San Fernando de Henares"]
[BlackTeam "Collado Villalba"]
[WhiteTeamCountry "ESP"]
[BlackTeamCountry "ESP"]

1. Nf3 d6 2. d4 g6 3. g3 Bg7 4. Bg2 Nf6 5. O-O O-O 6. c4 c6 7. Nc3 Qb6 8. e4
Bg4 9. h3 Bxf3 10. Bxf3 Nfd7 11. Ne2 c5 12. dxc5 dxc5 13. Bg2 Ne5 14. Qc2 Nbc6
15. f4 Nb4 16. Qb3 Nec6 17. a3 Na5 18. Qa4 Nd3 19. Nc3 Nxb2 20. Bxb2 Qxb2 21.
Nd5 Nb3 22. Nxe7+ Kh8 23. Rab1 Qd4+ 24. Kh1 Nd2 25. Rfd1 Qxc4 26. Qxc4 Nxc4 27.
Rxb7 Bd4 28. Nc6 Ne3 29. Rd3 Rfc8 30. Ne5 Rab8 31. Nxf7+ Kg8 32. Nh6+ Kf8 33.
Rxh7 Rb1+ 34. Kh2 Rb2 35. Rxe3 Bxe3 36. Rh8+ Kg7 37. Rxc8 Kxh6 38. e5 Bf2 39.
Rc7 Rb3 40. Bd5 Rd3 41. Bg8 Bxg3+ 42. Kg2 Bxf4 43. Rxa7 Bxe5 44. a4 Kg5 45. Be6
Rd6 46. Bf7 Kf4 47. Re7 g5 48. Re6 Rd2+ 49. Kf1 c4 50. Rxe5 Kxe5 51. Bxc4 Rc2
52. Bb5 Kf4 53. Be2 Kg3 54. Bg4 Rc4 55. Bd7 Rd4 56. Bc8 Rxa4 57. Bd7 Rh4 58.
Kg1 Rxh3 59. Bxh3 Kxh3 60. Kf2 g4 61. Kg1 Kg3 62. Kh1 Kf2 0-1

[Event "Liga Madrileña - DH 2013-2014"]
[Site "Madrid ESP"]
[Date "2014.02.02"]
[Round "8.33"]
[White "Moreno Ruiz, Javier"]
[Black "De La Orden Alcocer, Alejandro"]
[Result "1-0"]
[WhiteElo "2470"]
[BlackElo "1932"]
[PlyCount "79"]
[EventDate "2013.11.18"]
[EventType "team-tourn"]
[EventRounds "14"]
[EventCountry "ESP"]
[Source "lmi"]
[SourceDate "2013.11.18"]
[WhiteTeam "Collado Villalba"]
[BlackTeam "San Fernando de Henares"]
[WhiteTeamCountry "ESP"]
[BlackTeamCountry "ESP"]

1. d4 Nf6 2. c4 g6 3. Nc3 d5 4. cxd5 Nxd5 5. e4 Nxc3 6. bxc3 c5 7. Bc4 Bg7 8.
Ne2 Nc6 9. Be3 O-O 10. O-O Qa5 11. Rb1 a6 12. h3 cxd4 13. cxd4 Qc7 14. Rc1 Qd6
15. d5 Na5 16. Bd3 b5 17. Qd2 Nc4 18. Bxc4 bxc4 19. Rxc4 Bd7 20. Bc5 Qc7 21.
Rcc1 Bb5 22. Bd4 Qd6 23. Bxg7 Kxg7 24. Rfd1 Bxe2 25. Qxe2 Rfc8 26. e5 Qa3 27.
Rxc8 Rxc8 28. d6 Rd8 29. d7 e6 30. Rd6 Qc1+ 31. Kh2 Qc7 32. Qd2 h6 33. g3 a5
34. a4 Qa7 35. Kg1 Qc7 36. Qd4 Qb7 37. Qc5 Qb1+ 38. Kh2 Qb2 39. Rd1 Qe2 40. Qb6
1-0

[Event "Liga Madrileña - DH 2013-2014"]
[Site "Madrid ESP"]
[Date "2014.02.02"]
[Round "8.34"]
[White "Lopez Amoriz, Victor"]
[Black "Pena Gomez, Manuel"]
[Result "0-1"]
[WhiteElo "1848"]
[BlackElo "2417"]
[PlyCount "66"]
[EventDate "2013.11.18"]
[EventType "team-tourn"]
[EventRounds "14"]
[EventCountry "ESP"]
[Source "lmi"]
[SourceDate "2013.11.18"]
[WhiteTeam "San Fernando de Henares"]
[BlackTeam "Collado Villalba"]
[WhiteTeamCountry "ESP"]
[BlackTeamCountry "ESP"]

1. e4 c5 2. Nc3 Nc6 3. d3 d6 4. g3 g6 5. Bg2 Bg7 6. Nge2 e6 7. O-O Nge7 8. Be3
Nd4 9. Qd2 O-O 10. Nd1 Qc7 11. c3 Nxe2+ 12. Qxe2 b5 13. Qd2 Nc6 14. Bh6 Bxh6
15. Qxh6 Ba6 16. Qd2 b4 17. c4 f5 18. b3 Bb7 19. f4 a5 20. Ne3 a4 21. Qb2 Nd4
22. Rfe1 fxe4 23. dxe4 Qg7 24. Kh1 g5 25. Rf1 gxf4 26. gxf4 axb3 27. axb3 Rxa1
28. Rxa1 Nxb3 29. Qxg7+ Kxg7 30. Ra7 Rf7 31. f5 e5 32. Ng4 Nd2 33. Ne3 b3 0-1

[Event "Liga Madrileña - DH 2013-2014"]
[Site "Madrid ESP"]
[Date "2014.02.02"]
[Round "8.41"]
[White "Martin Duque, Jesus"]
[Black "Almagro Llanas, Pablo"]
[Result "0-1"]
[WhiteElo "2233"]
[BlackElo "2467"]
[PlyCount "86"]
[EventDate "2013.11.18"]
[EventType "team-tourn"]
[EventRounds "14"]
[EventCountry "ESP"]
[Source "lmi"]
[SourceDate "2013.11.18"]
[WhiteTeam "Vallecas CDV"]
[BlackTeam "Virgen de Atocha"]
[WhiteTeamCountry "ESP"]
[BlackTeamCountry "ESP"]

1. e4 c5 2. Nf3 Nc6 3. d4 cxd4 4. Nxd4 Nf6 5. Nc3 d6 6. Bg5 Qb6 7. Nb3 e6 8.
Bf4 Ne5 9. Be3 Qc7 10. f4 Nc6 11. Qf3 a6 12. O-O-O b5 13. g4 Bb7 14. Bd3 Nb4
15. g5 Nd7 16. Kb1 Nc5 17. Nd4 Nbxd3 18. cxd3 b4 19. Nce2 a5 20. Rc1 Qd7 21.
Rhd1 g6 22. Bf2 Be7 23. h4 h5 24. Qe3 O-O 25. Ng3 Rfc8 26. f5 e5 27. fxg6 fxg6
28. Ndf5 Bf8 29. Nh6+ Kh7 30. Qf3 Bxh6 31. gxh6 Rf8 32. Qe2 Ne6 33. Be3 Ba6 34.
Rg1 Qb5 35. Rcd1 Nf4 36. Bxf4 exf4 37. Nf5 Qe5 38. Rxg6 Kxg6 39. Rg1+ Kh7 40.
Qxh5 Bxd3+ 41. Ka1 Qf6 42. Rg7+ Kh8 43. Rg1 Rac8 0-1

[Event "Liga Madrileña - DH 2013-2014"]
[Site "Madrid ESP"]
[Date "2014.02.02"]
[Round "8.42"]
[White "Fernandez Barrera, Victor"]
[Black "Montanes Arribas, Adrian"]
[Result "1/2-1/2"]
[WhiteElo "2313"]
[BlackElo "2220"]
[PlyCount "72"]
[EventDate "2013.11.18"]
[EventType "team-tourn"]
[EventRounds "14"]
[EventCountry "ESP"]
[Source "lmi"]
[SourceDate "2013.11.18"]
[WhiteTeam "Virgen de Atocha"]
[BlackTeam "Vallecas CDV"]
[WhiteTeamCountry "ESP"]
[BlackTeamCountry "ESP"]

1. e4 c5 2. Nf3 d6 3. d4 cxd4 4. Nxd4 Nf6 5. Nc3 a6 6. Bg5 e6 7. f4 Nc6 8. Nxc6
bxc6 9. e5 h6 10. Bh4 g5 11. fxg5 Nd5 12. Nxd5 exd5 13. Qh5 Qb6 14. Bd3 Qe3+
15. Be2 hxg5 16. Qxg5 Qxg5 17. Bxg5 dxe5 18. Bf6 Rg8 19. Bxe5 Rxg2 20. a3 Bf5
21. Bd3 Bxd3 22. cxd3 Bg7 23. Bxg7 Rxg7 24. O-O-O Kd7 25. Rhf1 Rh8 26. Rd2 Rh6
27. Rdf2 Ke7 28. Re1+ Re6 29. Kd2 Rxe1 30. Kxe1 Rh7 31. b4 Rh4 32. Kd2 a5 33.
Kc3 axb4+ 34. axb4 Ke6 35. Re2+ Kd6 36. Rf2 Ke6 1/2-1/2

[Event "Liga Madrileña - DH 2013-2014"]
[Site "Madrid ESP"]
[Date "2014.02.02"]
[Round "8.43"]
[White "Madurga Lopez, Ignacio"]
[Black "Rabadan Velasco, Raul"]
[Result "1-0"]
[WhiteElo "2088"]
[BlackElo "2280"]
[PlyCount "89"]
[EventDate "2013.11.18"]
[EventType "team-tourn"]
[EventRounds "14"]
[EventCountry "ESP"]
[Source "lmi"]
[SourceDate "2013.11.18"]
[WhiteTeam "Vallecas CDV"]
[BlackTeam "Virgen de Atocha"]
[WhiteTeamCountry "ESP"]
[BlackTeamCountry "ESP"]

1. e4 g6 2. d4 Bg7 3. Nc3 d6 4. f4 a6 5. Nf3 Nd7 6. a4 c5 7. d5 Ngf6 8. Be2 O-O
9. O-O Qc7 10. Nd2 Rb8 11. a5 b5 12. axb6 Nxb6 13. Nb3 c4 14. Na5 Qc5+ 15. Kh1
e6 16. dxe6 Bxe6 17. Bf3 d5 18. e5 Ne8 19. Re1 Rd8 20. Nb7 Qc7 21. Nxd8 Qxd8
22. Rxa6 d4 23. Be3 Qc8 24. Rxb6 dxe3 25. Rxe3 Qc5 26. Rxe6 Qxe3 27. Nd5 Qf2
28. Rc6 g5 29. Rxc4 gxf4 30. Re4 Qc5 31. b4 Qa7 32. Nxf4 Nc7 33. c4 Re8 34. Qe1
Qa3 35. h4 Qb2 36. Nd3 Qc2 37. Qe2 Qb1+ 38. Kh2 Ra8 39. e6 f5 40. Rf4 Ra2 41.
Qe3 Bh6 42. e7 Bxf4+ 43. Nxf4 Qxb4 44. Bd5+ Kg7 45. Qe5+ 1-0

[Event "Liga Madrileña - DH 2013-2014"]
[Site "Madrid ESP"]
[Date "2014.02.02"]
[Round "8.44"]
[White "Kosmo, Santul"]
[Black "Montoya Pecurul, Marc"]
[Result "1-0"]
[WhiteElo "2237"]
[BlackElo "2092"]
[PlyCount "78"]
[EventDate "2013.11.18"]
[EventType "team-tourn"]
[EventRounds "14"]
[EventCountry "ESP"]
[Source "lmi"]
[SourceDate "2013.11.18"]
[WhiteTeam "Vallecas CDV"]
[BlackTeam "Virgen de Atocha"]
[WhiteTeamCountry "ESP"]
[BlackTeamCountry "ESP"]

1. e4 c5 2. Nf3 d6 3. d4 cxd4 4. Nxd4 Nf6 5. Nc3 g6 6. Be3 Bg7 7. f3 O-O 8. Bc4
Nc6 9. Qd2 Nd7 10. h4 Nb6 11. Bb3 Na5 12. Qd3 Nxb3 13. axb3 d5 14. Nde2 Be6 15.
O-O-O dxe4 16. Qxe4 Qc8 17. Nd4 Bf5 18. Qxe7 Re8 19. Nxf5 Qxf5 20. Qg5 Qe6 21.
Bd4 Bxd4 22. Rxd4 Qe3+ 23. Qxe3 Rxe3 24. Kd2 Re5 25. Re1 Rxe1 26. Kxe1 Re8+ 27.
Kd2 Kg7 28. Ne4 Re7 29. c4 Nd7 30. b4 Ne5 31. b5 f5 32. Nd6 Kf6 33. c5 Ke6 34.
b4 a6 35. bxa6 bxa6 36. Kc3 Rc7 37. Nc4 Nc6 38. Rd6+ Ke7 39. Nb6 Ne5 1-0

[Event "Liga Madrileña - DH 2013-2014"]
[Site "Madrid ESP"]
[Date "2014.02.02"]
[Round "8.45"]
[White "Morona Minguez, Irene"]
[Black "Vazquez Torres, Adrian"]
[Result "1-0"]
[WhiteElo "1983"]
[BlackElo "2179"]
[PlyCount "56"]
[EventDate "2013.11.18"]
[EventType "team-tourn"]
[EventRounds "14"]
[EventCountry "ESP"]
[Source "lmi"]
[SourceDate "2013.11.18"]
[WhiteTeam "Vallecas CDV"]
[BlackTeam "Virgen de Atocha"]
[WhiteTeamCountry "ESP"]
[BlackTeamCountry "ESP"]

1. e4 c5 2. Nf3 d6 3. d4 cxd4 4. Nxd4 Nf6 5. Nc3 a6 6. f4 e6 7. Qf3 Qc7 8. g4
Nc6 9. Nb3 b5 10. g5 Nd7 11. a4 b4 12. Ne2 Bb7 13. Bg2 Ne7 14. Qd3 d5 15. e5
Nf5 16. Ned4 Nxd4 17. Nxd4 Nc5 18. Qe2 Ne4 19. Be3 g6 20. O-O Bc5 21. Rfd1 Bxd4
22. Rxd4 Qe7 23. Bxe4 dxe4 24. Qc4 h6 25. Rad1 Bd5 26. Rxd5 exd5 27. Qc6+ Qd7
28. Qxa8+ Ke7 1-0

[Event "Liga Madrileña - DH 2013-2014"]
[Site "Madrid ESP"]
[Date "2014.02.02"]
[Round "8.46"]
[White "Perez de Aranda, Leonardo Ivan"]
[Black "Rios Rebollo, Victor"]
[Result "1-0"]
[WhiteElo "2115"]
[BlackElo "1911"]
[PlyCount "51"]
[EventDate "2013.11.18"]
[EventType "team-tourn"]
[EventRounds "14"]
[EventCountry "ESP"]
[Source "lmi"]
[SourceDate "2013.11.18"]
[WhiteTeam "Virgen de Atocha"]
[BlackTeam "Vallecas CDV"]
[WhiteTeamCountry "ESP"]
[BlackTeamCountry "ESP"]

1. e4 e6 2. d4 d5 3. Nd2 Nf6 4. e5 Nfd7 5. Bd3 c5 6. c3 Nc6 7. Ngf3 cxd4 8.
cxd4 Qb6 9. O-O Nxd4 10. Nxd4 Qxd4 11. Nf3 Qb6 12. Qa4 Qb4 13. Qc2 h6 14. Bd2
Qc5 15. Qa4 a6 16. Rac1 b5 17. Qg4 Qb6 18. Be3 Qb8 19. Rc2 Bb7 20. Bd4 Qd8 21.
Bg6 Rc8 22. Qxe6+ Qe7 23. Bxf7+ Kd8 24. Bb6+ Nxb6 25. Qxb6+ Rc7 26. Rfc1 1-0

[Event "Liga Madrileña - DH 2013-2014"]
[Site "Madrid ESP"]
[Date "2014.02.08"]
[Round "9.11"]
[White "Aranda Marin, Cristian"]
[Black "Almagro Llanas, Pablo"]
[Result "0-1"]
[WhiteElo "2303"]
[BlackElo "2467"]
[PlyCount "106"]
[EventDate "2013.11.18"]
[EventType "team-tourn"]
[EventRounds "14"]
[EventCountry "ESP"]
[Source "lmi"]
[SourceDate "2013.11.18"]
[WhiteTeam "San Fernando de Henares"]
[BlackTeam "Virgen de Atocha"]
[WhiteTeamCountry "ESP"]
[BlackTeamCountry "ESP"]

1. e4 c5 2. Nf3 d6 3. Bb5+ Nc6 4. O-O Bd7 5. Re1 a6 6. Bxc6 Bxc6 7. d4 cxd4 8.
Qxd4 e6 9. Bg5 f6 10. Bh4 Be7 11. Nc3 Nh6 12. Qc4 Qc8 13. Nd4 Bd7 14. Qb3 g5
15. Bg3 Nf7 16. h4 h6 17. Na4 Bd8 18. Nb6 Bxb6 19. Qxb6 e5 20. Ne2 Qc6 21. Qe3
Be6 22. Nc3 Rc8 23. Rad1 Ke7 24. Rd2 Qc5 25. Qe2 Qb4 26. Nd1 Qc4 27. Qxc4 Rxc4
28. f3 b5 29. Ne3 Rc6 30. a3 a5 31. hxg5 hxg5 32. Bf2 g4 33. fxg4 Ng5 34. Nf5+
Bxf5 35. gxf5 Rc4 36. Rde2 Kd7 37. b3 Rc3 38. Rd1 a4 39. Be1 Rc6 40. bxa4 bxa4
41. Rb1 Rc4 42. Rb4 Rxb4 43. axb4 a3 44. c4 Ra8 45. Ra2 Nxe4 46. Kf1 Kc6 47.
Ke2 d5 48. Kd3 Nd6 49. cxd5+ Kxd5 50. g4 Rh8 51. Kc2 Rh3 52. Ra1 Nb5 53. Bd2
Nd4+ 0-1

[Event "Liga Madrileña - DH 2013-2014"]
[Site "Madrid ESP"]
[Date "2014.02.08"]
[Round "9.12"]
[White "Rubio Mejia, Luis Ignacio"]
[Black "Fernandez Blazquez, Diego"]
[Result "1-0"]
[WhiteElo "2452"]
[BlackElo "2195"]
[PlyCount "79"]
[EventDate "2013.11.18"]
[EventType "team-tourn"]
[EventRounds "14"]
[EventCountry "ESP"]
[Source "lmi"]
[SourceDate "2013.11.18"]
[WhiteTeam "Virgen de Atocha"]
[BlackTeam "San Fernando de Henares"]
[WhiteTeamCountry "ESP"]
[BlackTeamCountry "ESP"]

1. d4 e6 2. c4 Nf6 3. Nf3 Bb4+ 4. Nbd2 O-O 5. g3 b6 6. Bg2 Bb7 7. O-O a5 8. Qc2
Bxd2 9. Bxd2 Be4 10. Qc3 d6 11. Rfd1 Nbd7 12. Rac1 Qc8 13. Be1 Qb7 14. Bf1 Rae8
15. Ng5 Bg6 16. f3 h6 17. Nh3 e5 18. e4 exd4 19. Rxd4 Nc5 20. Bg2 Bh7 21. Nf4
Ne6 22. Nxe6 fxe6 23. b3 e5 24. Rd2 g5 25. h3 Nd7 26. a3 Ra8 27. b4 axb4 28.
axb4 Qa6 29. Bf2 Qa3 30. c5 Qxc3 31. Rxc3 bxc5 32. bxc5 Rf6 33. cxd6 cxd6 34.
Rc6 Ra1+ 35. Kh2 Nf8 36. Rcxd6 Rxd6 37. Rxd6 Ra2 38. Be3 Re2 39. Bd2 Ng6 40.
Kg1 1-0

[Event "Liga Madrileña - DH 2013-2014"]
[Site "Madrid ESP"]
[Date "2014.02.08"]
[Round "9.13"]
[White "Jimenez Lopez, Antonio"]
[Black "Rudolf, Anna"]
[Result "1/2-1/2"]
[WhiteElo "2107"]
[BlackElo "2281"]
[PlyCount "68"]
[EventDate "2013.11.18"]
[EventType "team-tourn"]
[EventRounds "14"]
[EventCountry "ESP"]
[Source "lmi"]
[SourceDate "2013.11.18"]
[WhiteTeam "San Fernando de Henares"]
[BlackTeam "Virgen de Atocha"]
[WhiteTeamCountry "ESP"]
[BlackTeamCountry "ESP"]

1. e4 e6 2. d3 d5 3. Nd2 Nf6 4. Ngf3 Nc6 5. Be2 dxe4 6. dxe4 e5 7. O-O Bd6 8.
c3 O-O 9. Qc2 Qe7 10. Nc4 Rd8 11. Bg5 h6 12. Be3 b6 13. Rad1 Bb7 14. Nh4 Qe6
15. f3 Ne7 16. g4 Bc5 17. Bxc5 bxc5 18. Rxd8+ Rxd8 19. Rd1 Rd7 20. b3 g6 21.
Ng2 Kg7 22. Nce3 Ba6 23. Bc4 Bxc4 24. Nxc4 Nc8 25. Rxd7 Nxd7 26. Nge3 Ndb6 27.
Qd2 Qf6 28. Kg2 Nxc4 29. Nxc4 Nb6 30. Ne3 Qg5 31. Nf1 Qf6 32. Ne3 Qg5 33. Nf1
Qf6 34. Ne3 Qg5 1/2-1/2

[Event "Liga Madrileña - DH 2013-2014"]
[Site "Madrid ESP"]
[Date "2014.02.08"]
[Round "9.14"]
[White "Vazquez Torres, Adrian"]
[Black "Ocana Lameiro, Oliver"]
[Result "1-0"]
[WhiteElo "2179"]
[BlackElo "2044"]
[PlyCount "73"]
[EventDate "2013.11.18"]
[EventType "team-tourn"]
[EventRounds "14"]
[EventCountry "ESP"]
[Source "lmi"]
[SourceDate "2013.11.18"]
[WhiteTeam "Virgen de Atocha"]
[BlackTeam "San Fernando de Henares"]
[WhiteTeamCountry "ESP"]
[BlackTeamCountry "ESP"]

1. e4 c6 2. d4 d5 3. Nc3 dxe4 4. Nxe4 Nf6 5. Nxf6+ exf6 6. c3 Bd6 7. Bd3 O-O 8.
Ne2 Bg4 9. Qc2 Bxe2 10. Bxe2 Re8 11. Be3 Qc7 12. O-O-O Nd7 13. h4 Bf4 14. Rh3
Re7 15. Bd3 Nf8 16. g4 Rae8 17. Qd2 Bxe3 18. fxe3 Qd7 19. Rg3 b5 20. Qf2 Qd6
21. Rdg1 h6 22. g5 fxg5 23. hxg5 hxg5 24. Rh1 f6 25. Rgh3 Kf7 26. Bc2 Rc7 27.
Rf3 Ng6 28. Rh7 Nh4 29. Bb3+ Kf8 30. Rg3 Ke7 31. Rxg7+ Kd8 32. Rxc7 Qxc7 33.
Qxf6+ Qe7 34. Qxc6 Nf5 35. Qa8+ Kd7 36. Qxa7+ Kd8 37. Qb8+ 1-0

[Event "Liga Madrileña - DH 2013-2014"]
[Site "Madrid ESP"]
[Date "2014.02.08"]
[Round "9.15"]
[White "Fernandez Gil, Ruben Carlos"]
[Black "Rodrigo Yanguas, Maria"]
[Result "0-1"]
[WhiteElo "2043"]
[BlackElo "2165"]
[PlyCount "58"]
[EventDate "2013.11.18"]
[EventType "team-tourn"]
[EventRounds "14"]
[EventCountry "ESP"]
[Source "lmi"]
[SourceDate "2013.11.18"]
[WhiteTeam "San Fernando de Henares"]
[BlackTeam "Virgen de Atocha"]
[WhiteTeamCountry "ESP"]
[BlackTeamCountry "ESP"]

1. e4 e6 2. d4 d5 3. Nc3 Nf6 4. e5 Nfd7 5. f4 c5 6. Nf3 Nc6 7. Be3 a6 8. Qd2 b5
9. dxc5 Nxc5 10. Qf2 b4 11. Bxc5 bxc3 12. bxc3 Qa5 13. Bd4 Nxd4 14. Qxd4 Bd7
15. Qd2 Rc8 16. Bd3 Bc5 17. Nd4 Ba7 18. Nb3 Qa3 19. Rf1 O-O 20. Rf3 Bb5 21. Rh3
Bxd3 22. cxd3 f6 23. d4 fxe5 24. fxe5 Rf7 25. Rf3 Rxf3 26. gxf3 a5 27. Rc1 a4
28. Na1 Bxd4 29. Nc2 Qxc3 0-1

[Event "Liga Madrileña - DH 2013-2014"]
[Site "Madrid ESP"]
[Date "2014.02.08"]
[Round "9.16"]
[White "Perez de Aranda, Leonardo Ivan"]
[Black "De La Orden Alcocer, Alejandro"]
[Result "1-0"]
[WhiteElo "2115"]
[BlackElo "1932"]
[PlyCount "52"]
[EventDate "2013.11.18"]
[EventType "team-tourn"]
[EventRounds "14"]
[EventCountry "ESP"]
[Source "lmi"]
[SourceDate "2013.11.18"]
[WhiteTeam "Virgen de Atocha"]
[BlackTeam "San Fernando de Henares"]
[WhiteTeamCountry "ESP"]
[BlackTeamCountry "ESP"]

1. e4 Nf6 2. e5 Nd5 3. d4 d6 4. Nf3 dxe5 5. Nxe5 c6 6. Bc4 Nd7 7. Qf3 Nxe5 8.
dxe5 Be6 9. O-O g6 10. Nc3 Bg7 11. Rd1 Bxe5 12. Nxd5 cxd5 13. Bb5+ Kf8 14. c4
Qc7 15. cxd5 Bd7 16. Bh6+ Ke8 17. d6 Bxd6 18. Rac1 Qb8 19. Bxd7+ Kxd7 20. Rxd6+
Kxd6 21. Rd1+ Ke6 22. Qd5+ Kf6 23. Qg5+ Ke6 24. Re1+ Kd6 25. Qxe7+ Kc6 26. Rc1+
Kd5 1-0

[Event "Liga Madrileña - DH 2013-2014"]
[Site "Madrid ESP"]
[Date "2014.02.09"]
[Round "9.21"]
[White "Vallejo Diaz, Javier"]
[Black "Moreno Trujillo, Alejandro"]
[Result "0-1"]
[WhiteElo "2400"]
[BlackElo "2541"]
[PlyCount "94"]
[EventDate "2013.11.18"]
[EventType "team-tourn"]
[EventRounds "14"]
[EventCountry "ESP"]
[Source "lmi"]
[SourceDate "2013.11.18"]
[WhiteTeam "Liberty Chess"]
[BlackTeam "64 Villalba"]
[WhiteTeamCountry "ESP"]
[BlackTeamCountry "ESP"]

1. e4 e6 2. d4 d5 3. Nd2 Nf6 4. e5 Nfd7 5. f4 c5 6. c3 Nc6 7. Ndf3 Qb6 8. a3
cxd4 9. cxd4 Na5 10. b4 Nc4 11. Bxc4 dxc4 12. Ne2 a5 13. bxa5 Qxa5+ 14. Bd2 Qc7
15. Bb4 Bxb4+ 16. axb4 Rxa1 17. Qxa1 Nb6 18. Nc3 Bd7 19. O-O O-O 20. Ng5 h6 21.
Nge4 Bc6 22. Nd6 Ra8 23. Qe1 f5 24. b5 Bd5 25. Qd2 Qd7 26. Qc2 Rf8 27. Nxd5
exd5 28. Re1 g6 29. g4 Nc8 30. Nxc8 Rxc8 31. e6 Qe7 32. Re5 fxg4 33. Rxd5 Qf6
34. e7 Re8 35. Qxc4 Qf7 36. b6 Rxe7 37. Rd8+ Kg7 38. d5 Qf6 39. d6 Qa1+ 40. Kg2
Qb2+ 41. Kf1 Qa1+ 42. Kg2 Qb2+ 43. Kf1 Rf7 44. Re8 Qd2 45. Kg1 Qxd6 46. Qc8
Qxb6+ 47. Kg2 Qc6+ 0-1

[Event "Liga Madrileña - DH 2013-2014"]
[Site "Madrid ESP"]
[Date "2014.02.09"]
[Round "9.22"]
[White "Huerga Leache, Mikel"]
[Black "Valles Moreno, Ivan"]
[Result "1-0"]
[WhiteElo "2441"]
[BlackElo "2373"]
[PlyCount "119"]
[EventDate "2013.11.18"]
[EventType "team-tourn"]
[EventRounds "14"]
[EventCountry "ESP"]
[Source "lmi"]
[SourceDate "2013.11.18"]
[WhiteTeam "64 Villalba"]
[BlackTeam "Liberty Chess"]
[WhiteTeamCountry "ESP"]
[BlackTeamCountry "ESP"]

1. Nf3 d6 2. e4 c5 3. d4 cxd4 4. Nxd4 Nf6 5. f3 e5 6. Nb3 Be7 7. c4 Be6 8. Nc3
Nc6 9. Be3 O-O 10. Be2 Ne8 11. O-O Bg5 12. Bf2 b6 13. Nd5 Rc8 14. a4 g6 15. Qe1
Rb8 16. Bd3 a5 17. Nc1 Ng7 18. Bb1 Ne7 19. Nd3 Nxd5 20. cxd5 Bd7 21. b4 f5 22.
b5 Nh5 23. exf5 gxf5 24. Be3 Bf6 25. Ra2 Kh8 26. f4 e4 27. Nb2 Be8 28. Nc4 Bf7
29. Qd1 Bg7 30. Bd4 Nf6 31. Ne3 Qd7 32. Rc2 Rg8 33. Rff2 h6 34. Rc6 Kh7 35.
Rfc2 Rb7 36. Kh1 Bh5 37. Qc1 Ng4 38. Rc7 Nf2+ 39. Kg1 Nd3 40. Rxd7 Rxd7 41.
Bxg7 Nxc1 42. Rxc1 Rgxg7 43. Nxf5 Rgf7 44. Ng3 Bg6 45. f5 Rfe7 46. fxg6+ Kxg6
47. Nxe4 Kg7 48. Ng3 Re5 49. Bf5 Rf7 50. Nh5+ Kf8 51. g4 Rfe7 52. Be6 Re3 53.
Rc6 Ra3 54. Rc4 Ra2 55. h4 Ra7 56. g5 hxg5 57. hxg5 Rb7 58. g6 Re2 59. Rc8+ Ke7
60. g7 1-0

[Event "Liga Madrileña - DH 2013-2014"]
[Site "Madrid ESP"]
[Date "2014.02.09"]
[Round "9.23"]
[White "Sanchez Gonzalez, Sergio"]
[Black "Espinosa Aranda, Angel"]
[Result "1/2-1/2"]
[WhiteElo "2319"]
[BlackElo "2387"]
[PlyCount "99"]
[EventDate "2013.11.18"]
[EventType "team-tourn"]
[EventRounds "14"]
[EventCountry "ESP"]
[Source "lmi"]
[SourceDate "2013.11.18"]
[WhiteTeam "Liberty Chess"]
[BlackTeam "64 Villalba"]
[WhiteTeamCountry "ESP"]
[BlackTeamCountry "ESP"]

1. Nf3 c5 2. c4 g6 3. d4 cxd4 4. Nxd4 Bg7 5. e4 Nc6 6. Be3 Nf6 7. Nc3 O-O 8.
Be2 d6 9. O-O Bd7 10. f4 Nxd4 11. Bxd4 Bc6 12. Bf3 a5 13. Nd5 Nd7 14. Bxg7 Kxg7
15. Qd4+ Kg8 16. e5 Bxd5 17. Bxd5 Qb6 18. Rad1 Qxd4+ 19. Rxd4 dxe5 20. Bxf7+
Rxf7 21. Rxd7 exf4 22. Re1 e6 23. Rd6 f3 24. gxf3 Rxf3 25. Rdxe6 Raf8 26. Re7
R8f7 27. Rxf7 Kxf7 28. Re5 b6 29. Rb5 Rf6 30. c5 bxc5 31. Rxa5 Rb6 32. b3 Rc6
33. Ra7+ Kg8 34. Ra4 Kf7 35. Kf2 Ke6 36. Ke3 Kd5 37. Ra7 h6 38. Rd7+ Ke5 39.
Rd2 Rf6 40. Kd3 Kd5 41. Kc3+ Kc6 42. a4 g5 43. Rd3 g4 44. h3 h5 45. hxg4 hxg4
46. Kd2 Rf4 47. Ke3 c4 48. bxc4 Rxc4 49. Rd4 Rxd4 50. Kxd4 1/2-1/2